000 00526nam a22002057a 4500
001 00028146
005 20260211073620.0
008 260211b ag ||||| |||| 00| 0 spa d
040 _aAR-CcCEOS
_bspa
_cAR-CcCEOS
041 _aspa
080 _a133.3
090 _bBUC
100 _aE. Bucheli
_9432
245 _aEl poder oculto de los nĂșmeros /
_cE. Bucheli
250 _a4a ed.
264 _aBuenos Aires :
_bkier,
_cc1967.
300 _a220 p. ;
_c19x15 cm.
655 0 _anumerologĂ­a
_9433
942 _2udc
_cBK
_n0
999 _c28160
_d28160